[Event "Schwarzacher Open A"]
[Site "Schwarzach"]
[Date "1999.08.23"]
[Round "3.17"]
[White "Doric, Nenad"]
[Black "Fenske, Wolfgang"]
[Result "1-0"]
[WhiteElo "2265"]
[BlackElo "2075"]
[PlyCount "73"]
[EventDate "1999.08.??"]

1. e4 c5 2. c3 b6 3. d4 Bb7 4. Bd3 e6 5. Nf3 cxd4 6. cxd4 d6 7. O-O Be7 8. Nc3
Nf6 9. Re1 O-O 10. Qc2 Nc6 11. a3 Re8 {#} 12. e5 Nd7 13. Bxh7+ Kh8 14. Bd3 dxe5
15. dxe5 Rc8 16. Bf4 Nc5 17. Bf1 Nd4 18. Nxd4 Qxd4 19. Bg3 Qg4 20. Rad1 a5 21.
Be2 Qg5 22. Rd4 Qh6 23. Red1 g6 24. f4 Kg7 25. Bb5 Rh8 26. h3 Ne4 27. Rxe4 Bxe4
28. Qxe4 Bxa3 29. bxa3 Rxc3 30. Kh2 Rxa3 31. Rd7 Rf8 32. Qc6 g5 33. Qc4 g4 34.
h4 Rh8 35. f5 Rxg3 36. f6+ Kg6 37. Qe4+ 1-0

[Event "Schwarzacher Open A"]
[Site "Schwarzach"]
[Date "1999.08.23"]
[Round "3.18"]
[White "Marjanovic, Slavko"]
[Black "Ljubic, Juro"]
[Result "0-1"]
[WhiteElo "2031"]
[BlackElo "2265"]
[PlyCount "56"]
[EventDate "1999.08.??"]

1. Nf3 c5 2. b3 d6 3. Bb2 e5 4. e4 Nf6 5. Nc3 Be7 6. Bc4 O-O 7. O-O Nc6 8. h3
Rb8 9. Re1 a6 10. a4 Na5 11. Nd5 Nxc4 12. Nxf6+ Bxf6 13. bxc4 g6 14. Nh2 Bg7
15. Ng4 Qh4 16. d3 f5 17. exf5 gxf5 18. Nh2 Bd7 19. Qe2 Rbe8 20. Nf3 Qh5 21.
Nd2 Qg6 22. Kh2 Bh6 23. Rg1 Rf7 24. a5 Rg7 25. Nf1 Bc6 26. Ne3 {#} 26... Bxe3
27. fxe3 Qg3+ 28. Kh1 Qxh3# 0-1

[Event "Schwarzacher Open A"]
[Site "Schwarzach"]
[Date "1999.08.23"]
[Round "3.19"]
[White "Niedermayr, Horst"]
[Black "Ljubic, Pero"]
[Result "1/2-1/2"]
[WhiteElo "2235"]
[BlackElo "2042"]
[PlyCount "80"]
[EventDate "1999.08.??"]

1. e4 c5 2. Nf3 g6 3. d4 cxd4 4. Qxd4 Nf6 5. Bb5 a6 6. Ba4 b5 7. Bb3 Nc6 8. Qd3
d6 9. Nc3 Bg7 10. O-O O-O 11. h3 Bb7 12. Rd1 Qc7 13. Bg5 Nd7 {#} 14. Nd5 Qa5
15. Nxe7+ Nxe7 16. Bxe7 Nc5 17. Qxd6 Nxe4 18. Qf4 Bxb2 19. Bxf8 Rxf8 20. Rd7
Nf6 21. Rad1 Bxf3 22. Qxf3 Nxd7 23. Rxd7 Qe1+ 24. Kh2 Qe8 25. Qd3 Bf6 26. g3
Kg7 27. Qd5 h5 28. h4 Bb2 29. Ra7 b4 30. Kg2 Bc3 31. Rxa6 Qe7 32. Rd6 Qe2 33.
Rd7 Qe8 34. Qb7 Bf6 35. Qc6 Qe2 36. Qb7 Qe8 37. Bd5 Kg8 38. Qc6 Qe5 39. Bb3 Kg7
40. Qb7 Qe8 1/2-1/2

[Event "Schwarzacher Open A"]
[Site "Schwarzach"]
[Date "1999.08.23"]
[Round "3.20"]
[White "Kranz, Armin"]
[Black "Scharler, Walter"]
[Result "1-0"]
[WhiteElo "2202"]
[BlackElo "2021"]
[PlyCount "35"]
[EventDate "1999.08.??"]

1. d4 d5 2. Nf3 Nf6 3. c4 c6 4. Nc3 e6 5. Bg5 Be7 6. e3 Nbd7 7. Bd3 Bd6 8. O-O
O-O 9. e4 dxe4 10. Nxe4 Be7 11. Qe2 Nh5 12. Bd2 Nhf6 13. Rad1 Qc7 14. Rfe1 b6
15. Ne5 Bb7 16. Bf4 Qd8 17. Ng5 g6 {#} 18. Nexf7 1-0

[Event "Schwarzacher Open A"]
[Site "Schwarzach"]
[Date "1999.08.24"]
[Round "4.2"]
[White "Burmakin, Vladimir"]
[Black "Vigh, Bela"]
[Result "1-0"]
[WhiteElo "2579"]
[BlackElo "2380"]
[PlyCount "113"]
[EventDate "1999.08.??"]

1. d4 Nf6 2. Nf3 g6 3. c4 Bg7 4. g3 O-O 5. Bg2 d6 6. O-O Nc6 7. Nc3 a6 8. b3
Rb8 9. Nd5 Nh5 10. Bb2 e6 11. Ne3 b5 12. Rc1 Bd7 13. Qd2 Ne7 14. d5 e5 15. c5
Bh6 16. Ne1 Nf5 17. N1c2 Nxe3 18. Nxe3 f5 19. Bf3 Nf6 20. Qa5 f4 21. cxd6 cxd6
22. Qxd8 Rbxd8 23. gxf4 Bxf4 24. Rc7 Rc8 25. Rfc1 Rxc7 26. Rxc7 Bxe3 27. fxe3
Rc8 28. Ra7 {#} 28... b4 29. Rxa6 Ne8 30. Be4 Bf5 31. Bxf5 gxf5 32. Rc6 Rxc6
33. dxc6 Kf7 34. Bc1 Ke6 35. Bd2 Kd5 36. Bxb4 Kxc6 37. Kf2 Nf6 38. h3 Ne4+ 39.
Kf3 Kb5 40. Be1 Ka6 41. Bb4 Kb5 42. a3 Kb6 43. Kg2 Kb5 44. Kf1 h5 45. Ke1 Kb6
46. Kd1 Nf2+ 47. Ke1 Ne4 48. h4 Kc6 49. Kd1 Nf2+ 50. Kc2 Ne4 51. Be1 Kb5 52.
a4+ Kc6 53. b4 d5 54. Kb3 Nd6 55. b5+ Kb6 56. Kb4 Nc4 57. Bc3 1-0

[Event "Schwarzacher Open A"]
[Site "Schwarzach"]
[Date "1999.08.24"]
[Round "4.3"]
[White "Bagaturov, Giorgi"]
[Black "Piven, Igor"]
[Result "1-0"]
[WhiteElo "2532"]
[BlackElo "2392"]
[PlyCount "57"]
[EventDate "1999.08.??"]

1. d4 Nf6 2. c4 g6 3. Nf3 Bg7 4. g3 O-O 5. Bg2 d6 6. Nc3 Nbd7 7. O-O e5 8. e4
c6 9. b3 Re8 10. h3 exd4 11. Nxd4 Qe7 12. Bf4 a6 13. Re1 Nh5 14. Be3 Nc5 15.
Qc2 Bd7 16. Rad1 Rad8 17. b4 Ne6 18. Nde2 Bc8 19. f4 f5 {#} 20. exf5 Nc7 21.
Bf2 gxf5 22. Kh2 Qf7 23. Bb6 Rd7 24. Nd4 Rxe1 25. Rxe1 Na8 26. Ba7 Rd8 27. b5
Qxc4 28. bxc6 Bxd4 29. Bd5+ 1-0

[Event "Schwarzacher Open A"]
[Site "Schwarzach"]
[Date "1999.08.24"]
[Round "4.4"]
[White "Zoler, Dan"]
[Black "Martin, Andreas"]
[Result "1-0"]
[WhiteElo "2529"]
[BlackElo "2214"]
[PlyCount "81"]
[EventDate "1999.08.??"]

1. d4 Nf6 2. c4 g6 3. g3 Bg7 4. Bg2 O-O 5. Nc3 d6 6. Nf3 Nc6 7. O-O e5 8. d5
Ne7 9. e4 Ne8 10. Bd2 c6 11. Ne1 f5 12. Nd3 fxe4 13. Nxe4 cxd5 14. cxd5 Nf5 15.
Rc1 h6 16. a4 Bd7 17. b3 Rf7 18. Nb2 g5 19. Nc4 Bf8 20. Ba5 Qe7 21. Bb4 b5 22.
Na5 bxa4 23. bxa4 Rg7 24. Nc6 Qf7 25. Re1 g4 26. Qd3 a6 27. Bc3 Qg6 28. Rb1 h5
29. Rb6 Qh7 30. Rxa6 Rxa6 31. Qxa6 h4 32. Qd3 Rg6 33. Rb1 hxg3 34. hxg3 Rh6 35.
Rb7 Rh2 36. Qe2 {#} 36... Rxg2+ 37. Kxg2 Qh3+ 38. Kg1 Nh4 39. gxh4 Bf5 40. Ng3
Bh6 41. Ne7+ 1-0

[Event "Schwarzacher Open A"]
[Site "Schwarzach"]
[Date "1999.08.24"]
[Round "4.6"]
[White "Tratar, Marko"]
[Black "Sandner, Gunter"]
[Result "1/2-1/2"]
[WhiteElo "2390"]
[BlackElo "2332"]
[PlyCount "50"]
[EventDate "1999.08.??"]

1. Nf3 Nf6 2. c4 g6 3. Nc3 Bg7 4. e4 c5 5. d4 cxd4 6. Nxd4 Nc6 7. Be3 Ng4 8.
Qxg4 Nxd4 9. Qd1 Nc6 10. Qd2 d6 11. Be2 O-O 12. O-O Qa5 13. Rac1 Be6 14. b3
Rfc8 15. Rfd1 Ne5 16. h3 a6 17. Nd5 Qxd2 18. Rxd2 Bxd5 19. Rxd5 Nc6 20. Rd2 Rd8
21. f4 {#} 21... e5 22. f5 gxf5 23. exf5 Nd4 24. Rf1 Nxe2+ 25. Rxe2 b5 1/2-1/2

[Event "Schwarzacher Open A"]
[Site "Schwarzach"]
[Date "1999.08.24"]
[Round "4.7"]
[White "Balinov, Ilia"]
[Black "Hicker, Harald"]
[Result "1-0"]
[WhiteElo "2460"]
[BlackElo "2086"]
[PlyCount "79"]
[EventDate "1999.08.??"]

1. e4 e5 2. Nf3 Nc6 3. d4 exd4 4. Nxd4 d6 5. c4 Nf6 6. Nc3 Be7 7. Be2 O-O 8.
O-O Bd7 9. Be3 Re8 10. f3 Nxd4 11. Qxd4 Bc6 12. b4 b6 13. Rac1 Bb7 14. Qd2 c6
15. Rfd1 Qc7 16. Bf4 Rad8 {#} 17. c5 bxc5 18. bxc5 Qa5 19. cxd6 Nh5 20. Nd5
Qxd2 21. Nxe7+ Rxe7 22. dxe7 Qxd1+ 23. Rxd1 Rxd1+ 24. Bxd1 Nf6 25. Be3 a6 26.
a4 Ne8 27. a5 Bc8 28. Be2 g6 29. g4 f6 30. Bc4+ Kg7 31. h4 h6 32. Bd4 g5 33. e5
Bd7 34. exf6+ Nxf6 35. f4 Kg6 36. h5+ Kg7 37. fxg5 hxg5 38. Kf1 Be8 39. Ke1 Bd7
40. Kd2 1-0

[Event "Schwarzacher Open A"]
[Site "Schwarzach"]
[Date "1999.08.24"]
[Round "4.8"]
[White "Kranz, Armin"]
[Black "Renner, Christoph"]
[Result "1/2-1/2"]
[WhiteElo "2145"]
[BlackElo "2428"]
[PlyCount "130"]
[EventDate "1999.08.??"]

1. d4 f5 2. c4 Nf6 3. Nc3 d6 4. Nf3 g6 5. g3 Bg7 6. Bg2 O-O 7. O-O c6 8. d5 e5
9. dxe6 Bxe6 10. b3 Na6 11. Ng5 Bc8 12. Bb2 h6 13. Nf3 Be6 14. Nd4 Bf7 15. e3
Re8 16. Qc2 d5 17. cxd5 Nb4 18. Qd2 Nbxd5 19. Nde2 Qe7 20. Nxd5 Nxd5 21. Bxg7
Kxg7 22. Qd4+ Qf6 23. Rad1 Red8 24. Rd2 Nc3 25. Qxf6+ Kxf6 26. Rc2 Nxe2+ 27.
Rxe2 a5 28. Rb1 Rd7 29. e4 fxe4 30. Bxe4 Re8 31. Rbe1 Rd4 32. f3 a4 33. bxa4
Rxa4 34. Rb1 Re7 35. Rbb2 Rd7 36. Kf2 Ra3 37. Rec2 Ke7 38. Re2 Kd8 39. f4 Ra5
40. g4 Re7 41. Rb4 g5 42. Rd2+ Kc7 43. a4 gxf4 44. Kf3 Be6 45. Kxf4 Rf7+ 46.
Kg3 Rf1 47. Rdb2 Ra7 48. h4 Ra1 49. g5 hxg5 50. hxg5 R1xa4 51. g6 b5 52. Kf4
Rxb4 53. Rxb4 Kd6 54. Rd4+ Kc5 55. Rd8 b4 56. Ke5 Bd5 57. Kf6 b3 58. Rb8 Ra1
59. g7 Rg1 60. Bh7 Rg2 61. g8=Q Bxg8 62. Bxg8 Rxg8 63. Rxg8 Kc4 64. Ke5 b2 65.
Rb8 Kc3 1/2-1/2

[Event "Schwarzacher Open A"]
[Site "Schwarzach"]
[Date "1999.08.24"]
[Round "4.11"]
[White "Wolter, Michael"]
[Black "Dittmar, Peter"]
[Result "1/2-1/2"]
[WhiteElo "2175"]
[BlackElo "2313"]
[PlyCount "128"]
[EventDate "1999.08.??"]

1. d4 d5 2. Nf3 c5 3. e3 cxd4 4. exd4 Nc6 5. c3 Qc7 6. g3 Bg4 7. Be2 e6 8. Bf4
Bd6 9. Bxd6 Qxd6 10. O-O Nf6 11. Ne5 Bxe2 12. Qxe2 O-O 13. Re1 Rab8 14. Nd2
Rfc8 15. Nb3 Qc7 16. Nxc6 Qxc6 17. Nc5 Nd7 18. Nd3 b5 19. a3 a5 20. Rad1 Qc4
21. Rd2 Rb6 22. Qe3 Qc7 23. Rde2 Rc6 24. Qd2 Qb8 25. Kg2 Nb6 26. Qf4 Qxf4 27.
gxf4 g6 28. Ne5 R6c7 29. Nd3 Nc4 30. Rd1 Nd6 31. Kg1 Ne4 32. Re3 Kg7 33. Kg2
Kf6 34. Kg1 Rb8 35. Rh3 h5 36. Re3 Rb6 37. Kg2 Nd6 38. Kg1 Nf5 39. Re2 Ne7 40.
Kg2 Nc6 41. Ra1 b4 42. axb4 axb4 43. Nc5 bxc3 44. bxc3 Ne7 45. Ra8 Nf5 46. Ra1
Nd6 47. Ra3 Nb5 48. Rb3 {#} 48... Nxd4 49. cxd4 Rxb3 50. Nxb3 Rc4 51. Re3 Kf5
52. Kf3 Rb4 53. h4 Rc4 54. Rd3 Ra4 55. Kg3 Ra3 56. Re3 Ra4 57. f3 Rb4 58. Rd3
Rc4 59. Nc5 Rc1 60. Rd2 Rg1+ 61. Kh2 Ra1 62. Kg3 Rg1+ 63. Kh2 Ra1 64. Kg3 Rg1+
1/2-1/2

[Event "Schwarzacher Open A"]
[Site "Schwarzach"]
[Date "1999.08.24"]
[Round "4.12"]
[White "Brumen, Dinko"]
[Black "Fruehauf, Norbert"]
[Result "1-0"]
[WhiteElo "2354"]
[BlackElo "1941"]
[PlyCount "87"]
[EventDate "1999.08.??"]

1. d4 Nf6 2. c4 g6 3. g3 Bg7 4. Bg2 d6 5. Nf3 O-O 6. O-O Nbd7 7. Nc3 e5 8. e4
c6 9. h3 Qb6 10. Re1 exd4 11. Nxd4 Ne8 12. Nf3 Ne5 13. Nxe5 dxe5 14. a3 Qc7 15.
Be3 Nf6 16. Qa4 Be6 17. Rad1 a5 18. Kh2 Rad8 19. c5 Rxd1 20. Rxd1 Rd8 21. Rxd8+
Qxd8 22. Bf1 Bf8 23. Bc4 Bxc4 24. Qxc4 Nd7 25. Na4 Kg7 26. Qc3 f6 {#} 27. Nb6
Nxb6 28. Qxa5 f5 29. cxb6 Bd6 30. Bc5 Qf8 31. Bxd6 Qxd6 32. Qc3 fxe4 33. a4 Kf6
34. a5 Qd3 35. Qc5 Ke6 36. b4 h5 37. b5 e3 38. bxc6 exf2 39. Qxf2 bxc6 40. b7
Qb5 41. a6 h4 42. Qa2+ Kd6 43. a7 hxg3+ 44. Kg2 1-0

[Event "Schwarzacher Open A"]
[Site "Schwarzach"]
[Date "1999.08.24"]
[Round "4.17"]
[White "Ljubic, Juro"]
[Black "Doric, Darko"]
[Result "1/2-1/2"]
[WhiteElo "2144"]
[BlackElo "2000"]
[PlyCount "111"]
[EventDate "1999.08.??"]

1. e4 c5 2. Nf3 d6 3. d4 cxd4 4. Nxd4 Nf6 5. Nc3 g6 6. Be2 Bg7 7. O-O Nc6 8.
Nb3 O-O 9. f4 Na5 10. Be3 Be6 11. Bd4 Bc4 12. Nxa5 Bxe2 13. Qxe2 Qxa5 14. a3
Rac8 15. Rf2 Qh5 16. Qxh5 Nxh5 17. Bxg7 Nxg7 18. Nd5 Rfe8 {#} 19. f5 f6 20. b3
Kf7 21. c4 e6 22. fxg6+ Kxg6 23. Nxf6 Rf8 24. Ng4 Rxf2 25. Kxf2 e5 26. Rd1 Rc6
27. Ne3 a6 28. g4 Kf7 29. a4 Ne6 30. Nf5 Nc5 31. b4 Nxe4+ 32. Ke3 Rxc4 33. Rxd6
Rxb4 34. Rd7+ Kf8 35. Rxh7 Ng5 36. Rh8+ Kf7 37. h4 Rb3+ 38. Ke2 Ne6 39. Rh7+
Kg8 40. Re7 Nd4+ 41. Nxd4 exd4 42. a5 Rb5 43. Kd3 Rxa5 44. Rxb7 Ra1 45. Rd7 a5
46. Rxd4 a4 47. Kc3 a3 48. h5 Rg1 49. Kb3 Rg3+ 50. Ka2 Kh7 51. Rd7+ Kh8 52. Rd4
Kh7 53. Ra4 Kg7 54. Kb1 Rg2 55. Ka1 a2 56. Rb4 1/2-1/2

[Event "Schwarzacher Open A"]
[Site "Schwarzach"]
[Date "1999.08.24"]
[Round "4.18"]
[White "Krumphals, Friedrich"]
[Black "Hardicsay, Peter"]
[Result "0-1"]
[WhiteElo "2011"]
[BlackElo "2295"]
[PlyCount "78"]
[EventDate "1999.08.??"]

1. c4 Nf6 2. Nc3 e5 3. g3 d5 4. cxd5 Nxd5 5. Bg2 Nb6 6. Nf3 Nc6 7. O-O Be7 8.
d3 O-O 9. a3 Re8 10. b4 a5 11. b5 Nd4 12. Nd2 Bf8 13. Bb2 f6 14. a4 Rb8 15. h3
Be6 16. e3 Nf5 17. Nb3 Bb4 18. Ne4 Qe7 19. Qc2 Nd6 20. Nec5 Bd5 21. e4 Bf7 22.
Rfd1 Rbc8 23. Bc3 c6 24. Bxb4 axb4 25. a5 Nd7 26. b6 Nxc5 27. Nxc5 Nb5 28. Nb3
Nc3 29. Rd2 c5 30. Rf1 Qe6 31. Nc1 Qd6 32. Ne2 Nb5 33. Qd1 Red8 34. Kh2 Ra8 35.
Qa4 Na3 36. Nc1 {#} 36... Qxb6 37. Nb3 Qd6 38. Rc1 b5 39. Nxc5 bxa4 0-1

[Event "Schwarzacher Open A"]
[Site "Schwarzach"]
[Date "1999.08.24"]
[Round "4.20"]
[White "Pammer, Andreas"]
[Black "Niedermayr, Horst"]
[Result "1/2-1/2"]
[WhiteElo "2092"]
[BlackElo "2159"]
[PlyCount "52"]
[EventDate "1999.08.??"]

1. Nf3 d6 2. d4 f5 3. c4 Nf6 4. Nc3 g6 5. g3 Bg7 6. Bg2 O-O 7. O-O c6 8. Qb3
Na6 9. c5+ Kh8 10. cxd6 exd6 11. Ng5 d5 12. Rd1 Qe7 13. h4 Nc7 14. Qc2 Ng4 15.
a3 Bd7 16. b4 Ne6 17. Nxe6 Qxe6 18. Qd3 Rae8 19. Ra2 Rf7 20. b5 Nf6 21. a4 Ne4
22. bxc6 Bxc6 23. Bf4 a6 {#} 24. Nxe4 fxe4 25. Qd2 Qd7 26. a5 Kg8 1/2-1/2

[Event "Schwarzacher Open A"]
[Site "Schwarzach"]
[Date "1999.08.25"]
[Round "5.1"]
[White "Shchekachev, Andrei"]
[Black "Burmakin, Vladimir"]
[Result "1/2-1/2"]
[WhiteElo "2505"]
[BlackElo "2579"]
[PlyCount "38"]
[EventDate "1999.08.??"]

1. e4 c6 2. d4 d5 3. f3 g6 4. Nc3 Bg7 5. Be3 dxe4 6. fxe4 e5 7. dxe5 Qxd1+ 8.
Rxd1 Bg4 9. Nf3 Nd7 10. Kf2 Nxe5 11. Bd4 f6 12. Be2 Nh6 13. Nxe5 fxe5 14. Bc5
b6 15. Be3 Rf8+ 16. Ke1 Bxe2 17. Kxe2 {#} 17... Ng4 18. Rd6 Nxe3 19. Kxe3 Rd8
1/2-1/2

[Event "Schwarzacher Open A"]
[Site "Schwarzach"]
[Date "1999.08.25"]
[Round "5.2"]
[White "Meijers, Viesturs"]
[Black "Bagaturov, Giorgi"]
[Result "1/2-1/2"]
[WhiteElo "2472"]
[BlackElo "2532"]
[PlyCount "82"]
[EventDate "1999.08.??"]

1. e4 c5 2. Nf3 Nc6 3. d4 cxd4 4. Nxd4 Nf6 5. Nc3 d6 6. Bg5 e6 7. Qd2 a6 8. Be2
Bd7 9. O-O Be7 10. Rad1 Nxd4 11. Qxd4 Bc6 12. Rd3 O-O 13. Rg3 Ne8 14. Bxe7 Qxe7
15. f4 b5 16. a4 bxa4 17. Nxa4 Nf6 18. Nc3 a5 19. e5 dxe5 20. Qxe5 Rfe8 21. Bb5
Bxb5 22. Nxb5 Red8 23. Nc3 g6 24. f5 Nd7 25. Qe3 Qc5 26. fxe6 fxe6 27. Ne4
Qxe3+ 28. Rxe3 Rac8 29. c3 Rb8 30. Re2 Nf8 31. Ng5 Rd5 32. h4 Rf5 33. Rd1 Rd5
34. Rxd5 exd5 35. Kf2 a4 36. Ke3 h6 37. Nf3 Ne6 38. Ne5 Kg7 39. g3 Rb3 40. Kd3
a3 41. bxa3 d4 1/2-1/2

[Event "Schwarzacher Open A"]
[Site "Schwarzach"]
[Date "1999.08.25"]
[Round "5.3"]
[White "Klovans, Janis"]
[Black "Zoler, Dan"]
[Result "0-1"]
[WhiteElo "2465"]
[BlackElo "2529"]
[PlyCount "102"]
[EventDate "1999.08.??"]

1. e4 c5 2. Nf3 d6 3. d4 cxd4 4. Nxd4 Nf6 5. Nc3 a6 6. Be2 e6 7. O-O Be7 8. f4
Qc7 9. Kh1 O-O 10. Qe1 b5 11. Bf3 Bb7 12. e5 dxe5 13. fxe5 Nfd7 14. Bxb7 Qxb7
15. Qg3 Kh8 16. Bf4 b4 17. Nce2 Nc5 18. Qf3 Ra7 19. Qh5 Nc6 20. Rae1 Nxd4 21.
Nxd4 Qd5 22. Rd1 Qe4 23. Bg3 Rd7 24. c3 bxc3 25. bxc3 g6 26. Qh6 Qg4 27. Rf3
Kg8 28. h3 Qg5 29. Qxg5 Bxg5 30. Rb1 Ne4 31. Be1 Rc8 32. Rb6 a5 33. Kh2 Rc5 34.
h4 Bd8 35. Rb8 Kg7 36. Kh3 Bc7 37. Rb7 Rcd5 38. Nc6 Rd1 39. Re3 Nc5 40. Rb5 Nd3
41. Bg3 {#} 41... Rh1+ 42. Kg4 Rc1 43. Nxa5 Rxc3 44. Nb3 Rc2 45. Rb7 Rd5 46. a4
Bxe5 47. Bxe5+ Nxe5+ 48. Kg3 Ra2 49. a5 h5 50. Rc3 Ra4 51. Nc5 Rxc5 0-1

[Event "Schwarzacher Open A"]
[Site "Schwarzach"]
[Date "1999.08.25"]
[Round "5.4"]
[White "Brumen, Dinko"]
[Black "Balinov, Ilia"]
[Result "0-1"]
[WhiteElo "2360"]
[BlackElo "2448"]
[PlyCount "144"]
[EventDate "1999.08.??"]

1. d4 f5 2. Nf3 Nf6 3. g3 g6 4. Bg2 Bg7 5. O-O O-O 6. c4 d6 7. Nc3 Qe8 8. d5
Na6 9. Rb1 c6 10. dxc6 bxc6 11. Nd4 Bd7 12. b4 Rc8 13. b5 cxb5 14. Ndxb5 Rxc4
15. Qb3 Be6 16. Bd5 Nxd5 17. Qxc4 Qf7 18. Qd3 Nc5 19. Qd2 Ne4 20. Nxe4 fxe4 21.
Bb2 Bxb2 22. Qxb2 Bh3 23. Qd4 Bxf1 24. Rxf1 a6 25. Rd1 Nf6 26. Nc3 Qe6 27. Nd5
Nxd5 28. Qxd5 Qxd5 29. Rxd5 Rf5 30. Rd4 Re5 31. Kf1 Kf7 32. Ra4 a5 33. Ke1 Kf6
34. Kd2 Rb5 35. Ke3 d5 36. h4 h5 37. f3 exf3 38. Kxf3 e5 39. Ke3 Kf5 40. Kd3
Rc5 41. Ke3 d4+ 42. Kf2 Ke4 43. Ra3 Rc2 44. Ra4 Rb2 45. Ke1 Rb5 46. Kf2 Rc5 47.
Ra3 Kd5 48. Ke1 e4 49. Kf2 Kc4 50. Ke1 e3 51. Kd1 Kd5 52. Rb3 Kc4 53. Rb6 g5
54. Rb8 g4 55. Rd8 Kc3 56. Kc1 a4 57. Rd7 Rf5 58. Rc7+ Kb4 59. Rd7 Rc5+ 60. Kb2
Kc4 61. Kc2 Rc8 62. Rd6 a3 63. Rb6 {#} 63... d3+ 64. Kd1 Rf8 65. exd3+ Kxd3 66.
Rb3+ Ke4 67. Rxa3 Rf1+ 68. Ke2 Rf2+ 69. Ke1 Rb2 70. Ra5 Kf3 71. Rf5+ Kxg3 72.
Rxh5 Kh2 0-1

[Event "Schwarzacher Open A"]
[Site "Schwarzach"]
[Date "1999.08.25"]
[Round "5.5"]
[White "Vigh, Bela"]
[Black "Tratar, Marko"]
[Result "1-0"]
[WhiteElo "2345"]
[BlackElo "2442"]
[PlyCount "71"]
[EventDate "1999.08.??"]

1. d4 Nf6 2. c4 g6 3. Nc3 Bg7 4. e4 d6 5. Nge2 O-O 6. Ng3 e5 7. d5 a5 8. Be2
Na6 9. h4 c6 10. h5 cxd5 11. cxd5 Nc5 12. Be3 Qb6 13. Rb1 Bd7 14. Qd2 Rfc8 15.
Bh6 Bxh6 16. Qxh6 Qd8 17. f3 Rab8 18. Nd1 b5 19. Ne3 Qe7 20. Ngf1 Ne8 21. Ng3
Rc7 22. Kf2 g5 23. b4 Na4 24. bxa5 Nc3 25. Rbc1 f6 26. Bd3 Ra8 27. Ngf5 Qd8 28.
g3 Rxa5 29. f4 Rxa2+ 30. Kf3 Rd2 31. Bf1 Bxf5 32. Nxf5 Nxd5 {#} 33. Bxb5 Nc3
34. Bxe8 Rd3+ 35. Kg4 Qxe8 36. Qxf6 1-0

[Event "Schwarzacher Open A"]
[Site "Schwarzach"]
[Date "1999.08.25"]
[Round "5.6"]
[White "Soln, Primoz"]
[Black "Staller, Peter"]
[Result "1-0"]
[WhiteElo "2411"]
[BlackElo "2310"]
[PlyCount "63"]
[EventDate "1999.08.??"]

1. d4 Nf6 2. c4 d6 3. Nc3 e5 4. d5 Be7 5. e4 a5 6. g3 O-O 7. Bg2 Nbd7 8. Nge2
c6 9. O-O Nb6 10. b3 cxd5 11. exd5 Nfd7 12. Be3 f5 13. f4 e4 {#} 14. g4 g6 15.
gxf5 gxf5 16. Nd4 Nc5 17. Bh3 Bf6 18. Kh1 Bd7 19. Nce2 a4 20. Qc2 Kh8 21. Ng3
Qe8 22. Rab1 axb3 23. axb3 Nd3 24. Qe2 Nc8 25. Bxf5 Bxf5 26. Ndxf5 Qd7 27. Nd4
Qh3 28. Nxe4 Ra2 29. Qxa2 Qxe3 30. Nxf6 Qxd4 31. Rbd1 Rxf6 32. Qe2 1-0

[Event "Schwarzacher Open A"]
[Site "Schwarzach"]
[Date "1999.08.25"]
[Round "5.7"]
[White "Sandner, Gunter"]
[Black "Hanko, Pavol"]
[Result "0-1"]
[WhiteElo "2374"]
[BlackElo "2266"]
[PlyCount "62"]
[EventDate "1999.08.??"]

1. d4 Nf6 2. Nf3 g6 3. c4 Bg7 4. g3 O-O 5. Bg2 d6 6. O-O Nc6 7. Nc3 a6 8. b3
Rb8 9. Bb2 b5 10. d5 Na5 11. cxb5 axb5 12. Nd4 b4 13. Ncb5 {#} 13... Nxd5 14.
Bxd5 Rxb5 15. Nxb5 Bxb2 16. Rb1 Bg7 17. Nd4 c5 18. Nc2 Bh3 19. Bg2 Bxg2 20.
Kxg2 Qa8+ 21. Kg1 Nc6 22. Ne3 Qxa2 23. Nd5 Rd8 24. e3 e6 25. Nf4 d5 26. Re1 c4
27. Re2 Qa8 28. Qf1 d4 29. bxc4 d3 30. Ree1 Ne5 31. Qg2 Nf3+ 0-1

[Event "Schwarzacher Open A"]
[Site "Schwarzach"]
[Date "1999.08.26"]
[Round "5.8"]
[White "Rolletschek, Heinrich"]
[Black "Jurkovic, Hrvoje"]
[Result "1/2-1/2"]
[WhiteElo "2291"]
[BlackElo "2370"]
[PlyCount "210"]
[EventDate "1999.08.??"]

1. e4 c5 2. Nf3 e6 3. d3 Nc6 4. g3 g6 5. Bg2 Bg7 6. O-O Nge7 7. c3 d5 8. Nbd2
O-O 9. exd5 Nxd5 10. Nb3 b6 11. d4 Ba6 12. Re1 c4 13. Nbd2 b5 14. Ne4 b4 15.
Bd2 bxc3 16. bxc3 Qa5 17. Nc5 Rfb8 18. Nxa6 Qxa6 19. Qc2 Rb6 20. Rab1 Rab8 21.
Bf1 Bf8 22. Ne5 Nxe5 23. dxe5 Bc5 24. Rxb6 axb6 25. a4 Ra8 26. Qe4 Rc8 27. Qc2
Qa7 28. Re2 Ra8 29. Re4 Qxa4 30. Qxa4 Rxa4 31. Bxc4 Ne7 32. Bd3 Ra2 33. Be1 Nd5
34. c4 Ne7 35. Re2 Rxe2 36. Bxe2 Bd4 37. Bf3 Bxe5 38. Bb4 Nf5 39. c5 Nd4 40.
Be4 f5 41. Bd3 bxc5 42. Bxc5 Nf3+ 43. Kh1 Bd4 44. Bxd4 Nxd4 45. f4 Kf7 46. Kg2
Kf6 47. h4 {#} 47... e5 48. fxe5+ Kxe5 49. Kf2 Ne6 50. Kf3 h6 51. Bc4 Nc5 52.
Bf7 g5 53. hxg5 hxg5 54. Be8 Ne6 55. Bd7 Kd6 56. Bc8 Ke5 57. Ke3 Nd4 58. Bb7
Nb3 59. Kf3 g4+ 60. Kg2 Kd4 61. Bc8 Ke4 62. Bb7+ Ke3 63. Bc6 Ke2 64. Bb5+ Ke1
65. Bc6 Nd4 66. Bb7 Nc2 67. Bc6 Ne3+ 68. Kg1 Ke2 69. Bb7 Nc2 70. Kg2 Ne1+ 71.
Kg1 Ke3 72. Kf1 Nc2 73. Kg2 Nd4 74. Kg1 Nb5 75. Kg2 Nd6 76. Bc6 Ke2 77. Bd5 Ke3
78. Bc6 Kd4 79. Ba8 Kc5 80. Kf2 Kd4 81. Bc6 Ne4+ 82. Kg2 Kc5 83. Bb7 Nd6 84.
Ba8 Nc4 85. Bb7 Kb6 86. Ba8 Kc7 87. Kf2 Nb6 88. Ke3 Kd6 89. Bb7 Ke5 90. Kf2 Na4
91. Bc6 Nc3 92. Kg2 Kd4 93. Bb7 Ne4 94. Bc6 Ke3 95. Bb7 Nd6 96. Bc6 Ke2 97. Bd5
Kd3 98. Bc6 Nc4 99. Bb7 Ne3+ 100. Kf2 Nd1+ 101. Kg2 Ke2 102. Ba6+ Ke1 103. Bb7
Ne3+ 104. Kg1 Nf1 105. Kg2 Ne3+ 1/2-1/2

[Event "Schwarzacher Open A"]
[Site "Schwarzach"]
[Date "1999.08.25"]
[Round "5.9"]
[White "Renner, Christoph"]
[Black "Ljubic, Juro"]
[Result "1-0"]
[WhiteElo "2448"]
[BlackElo "2265"]
[PlyCount "53"]
[EventDate "1999.08.??"]

1. e4 c5 2. d3 Nc6 3. g3 g6 4. Bg2 Bg7 5. f4 d6 6. Nf3 Nf6 7. O-O O-O 8. h3 e5
9. g4 exf4 10. Nc3 g5 11. Nxg5 Nxg4 12. Bxf4 h6 13. Nf3 Nge5 14. Qd2 Kh7 15.
Nd5 Ng6 16. Be3 Nce5 17. Nxe5 Nxe5 18. Rf2 Be6 19. Raf1 Nd7 20. Qe2 Rc8 21. Qh5
f6 {#} 22. e5 dxe5 23. Be4+ f5 24. Rg2 Qe8 25. Rxg7+ Kxg7 26. Qxh6+ Kg8 27. Rf2
1-0

[Event "Schwarzacher Open A"]
[Site "Schwarzach"]
[Date "1999.08.25"]
[Round "5.10"]
[White "Piven, Igor"]
[Black "Wolter, Michael"]
[Result "1-0"]
[WhiteElo "2387"]
[BlackElo "2212"]
[PlyCount "77"]
[EventDate "1999.08.??"]

1. Nf3 Nf6 2. c4 e6 3. g3 d5 4. d4 Be7 5. Bg2 O-O 6. Qc2 c6 7. O-O Nbd7 8. Rd1
b6 9. b3 Bb7 10. Nc3 Rc8 11. e4 c5 12. exd5 exd5 13. dxc5 dxc4 14. b4 a5 15. a3
axb4 16. axb4 bxc5 17. b5 Ra8 18. Rb1 Re8 19. Bg5 Qc7 20. b6 Qc8 21. Bh3 Qc6
22. Bg2 Qc8 23. Qe2 Ra3 24. Nb5 Bf8 25. Qxe8 Qxe8 26. Nxa3 Qa8 27. Nxc4 Bxf3
28. b7 Bxb7 29. Rxb7 Qa4 30. Ne3 h6 31. Bxf6 Nxf6 32. Bf3 c4 33. Rd8 c3 34. Rc8
g6 35. Rbc7 Nh7 36. Bd5 Kg7 37. Rb7 {#} 37... Ng5 38. h4 Nh3+ 39. Kg2 1-0

[Event "Schwarzacher Open A"]
[Site "Schwarzach"]
[Date "1999.08.25"]
[Round "5.11"]
[White "Dittmar, Peter"]
[Black "Kranz, Armin"]
[Result "1/2-1/2"]
[WhiteElo "2363"]
[BlackElo "2202"]
[PlyCount "32"]
[EventDate "1999.08.??"]

1. d4 Nf6 2. Bg5 e6 3. Nd2 h6 4. Bh4 c5 5. e3 Nc6 6. c3 b6 7. Ngf3 Be7 8. Bd3
Bb7 9. O-O O-O 10. Re1 Nd5 11. Bg3 cxd4 12. exd4 f5 13. Qe2 {#} 13... f4 14.
Qe4 Rf5 15. Qe2 Rf8 16. Qe4 Rf5 1/2-1/2